000 00467nam a22001697a 4500
003 OSt
008 250227b |||||||| |||| 00| 0 eng d
020 _a9781543343991
082 _a615.7 GOC
100 _aGollpudi, Rajesh
245 _aConcise cource in Biopharmaceutics and Pharmacokinetics
260 _aJalander
_bS.Vikas & Company
_c2020
300 _a221
650 _aBiopharmaceutical and Pharmacokintics
700 _aSujitha, Paladugu
942 _2ddc
_cBK
999 _c13166
_d13166